000 01024cam a2200229 4500
001 ABS65644
008 020701n2002 000 0 eng u
035 _a(Sirsi) u118609
100 _aBovill, P.
245 _aLoosening the green belt
260 _c2002
490 _aRegeneration and Renewal
_v17 May 2002, 12(1)
520 _aCalls for debate into the usage of green belt land after planners have called for it to be developed to ease the housing shortage. Briefly reviews the historical development of the green belt and argues the regulations governing its use should be treated no differently to any other planning policy and kept under review whilst retaining the original principle of protection. The extent of the green belt could also be examined from a regional perspective with exact boundaries being defined.
590 _aABS
650 _aGREEN BELT
650 _aPPG3
650 _aHOUSING SHORTAGE
650 _aRTPI
650 _aPLANNING SYSTEM
650 _aPROTECTED AREAS
942 _n0
999 _c70629
_d70629